Statistics for vowel countries flag #1

Click here to take the quiz!

General Stats

  • This quiz has been taken 15 times
  • The average score is 14 of 16

Answer Stats

Answer% Correct
Ukraine
100%
United kingdom
100%
United states
100%
Albania
93%
Ecuador
93%
Italy
93%
Andorra
87%
Australia
87%
Egypt
87%
Iran
87%
Iraq
87%
Uganda
87%
Austria
80%
Afghanistan
73%
East timor
67%
Oman
67%

Score Distribution

Percentile by Number Answered

Percent of People with Each Score

Your Score History

You have not taken this quiz